00621cam a22001697a 4500008004000000020001500040082001700055245009600072260002800168300001000196650003800206650004200244700002200286700001800308999001900326952010600345180718b2013 xxu||||| |||| 00| 0 eng d a019806313x aT19x54 B299c aConcise oxford companion to economics in Indiacedited by Kaushik Basu and Annemie Maertens aNew DelhibOxfordc2013 a617p. aIndia -- Economic policy -- 1991- aIndia -- Economic conditions -- 1991- aMaertens, Annemie aBasu, Kaushik c443868d443868 00104070aIIPAbIIPAd2014-05-21l2m2oT19x54 B299cp85686r2023-08-23s2023-07-21w2018-07-21yBK